[Event "OPEN INER 2022"]
[Site "salle des fÃªtes de Saint Deni"]
[Date "2022.10.13"]
[Round "2.2"]
[White "Larmet, Nino"]
[Black "Francou, Yvon"]
[Result "1-0"]
[WhiteElo "2023"]
[BlackElo "1639"]
[Annotator "Portable,LRE"]
[PlyCount "38"]
[EventDate "2022.??.??"]
[WhiteTeam "Echiquier de l'Ouest Saint-Paul"]
[BlackTeam "Club Echiquier du Nord"]

1. d4 d5 2. Bf4 Nf6 3. e3 e6 4. Nd2 Bd6 5. Bg3 O-O 6. Bd3 c5 7. c3 b6 8. e4 Be7
9. e5 Ne8 10. Qc2 (10. Qe2 a5 11. h4 Ba6 12. Bxa6 Nxa6 13. a3 Nac7 14. Ngf3 Qd7
15. O-O g6 16. Bf4 Ng7 17. Bh6 Rfc8 18. g4 cxd4 19. cxd4 Qb5 20. Qe3 Rab8 21.
Rab1 Na8 22. Bg5 Bf8 23. Ne1 Rb7 24. Nd3 Rbc7 25. Kg2 Rc2 26. h5 gxh5 27. Rh1
hxg4 28. Bf6 Nf5 29. Qg5+ Bg7 30. Rxh7 Kxh7 31. Rh1+ Kg8 32. Qh5 Bh6 33. Qxh6)
10... a5 11. h4 Ba6 12. Bxa6 Nxa6 13. a3 Nac7 14. Ngf3 Qd7 15. O-O g6 16. Bf4
Ng7 17. Bh6 Rfc8 18. g4 cxd4 19. cxd4 Qb5 1-0

[Event "OPEN INER 2022"]
[Site "salle des fÃªtes de Saint Deni"]
[Date "2022.10.13"]
[Round "2.3"]
[White "Bah, Ismael"]
[Black "Mezouaghi, Miloud"]
[Result "0-1"]
[WhiteElo "1588"]
[BlackElo "1987"]
[Annotator "Portable,LRE"]
[PlyCount "40"]
[EventDate "2022.??.??"]
[WhiteTeam "Echiquier Beauvaisien"]
[BlackTeam "Echiquier du Lagon - EDL"]

1. b4 Nf6 2. Bb2 g6 3. c4 Bg7 4. Nc3 e5 5. d3 d6 6. b5 Nbd7 7. g3 h5 8. Nf3 b6
9. Bg2 Bb7 10. O-O O-O 11. Qc2 Nc5 12. e4 Ne6 13. Bc1 Nd7 14. Rb1 a6 15. Be3
Nd4 16. Bxd4 exd4 17. Ne2 axb5 18. Nexd4 (18. Nfxd4 Ra3 19. Nb3 Qa8 20. Nbc1
Re8 21. f3 Qa4 22. Qxa4 Rxa4) (18. cxb5 Nc5 19. Nfxd4 Ra3 20. Nb3 Qa8 21. Nbc1
Re8 22. f3 Qa4 23. Qxa4 Rxa4 24. Bh3 Rea8 25. Rd1 Ra3 26. Kf2 Na4 27. Rb3 Nc3
28. Nxc3 Rxb3 29. axb3 Bxc3 30. Bf1 Bd4+ 31. Kg2 Ra1 32. Re1 Bb2 33. Re2 Bxc1
34. Rc2 Bc8 35. d4 Be3 36. Rxc7 Bh3+ 37. Kxh3 Rxf1 38. Rd7 Rxf3 (38... Bxd4 39.
Rxd6 Bc5 40. Rd3 Kf8 41. Kg2 Rf2+ 42. Kh3 Ke7 43. f4 Re2 44. e5 Re3) 39. Rxd6)
18... Ra3 19. Nb3 Qa8 20. Nc1 Re8 0-1

[Event "OPEN INER 2022"]
[Site "salle des fÃªtes de Saint Deni"]
[Date "2022.10.13"]
[Round "2.4"]
[White "Hamon, Christian"]
[Black "Frelicot, Eric"]
[Result "1/2-1/2"]
[WhiteElo "1956"]
[BlackElo "1560"]
[Annotator "Portable,LRE"]
[PlyCount "71"]
[EventDate "2022.??.??"]
[WhiteTeam "Club d'Echecs Labourdonnais"]
[BlackTeam "Club Echiquier du Nord"]

1. d4 Nf6 2. Nf3 d6 3. c4 g6 4. Nc3 Bg7 5. Bf4 O-O 6. e3 c6 7. h3 Nbd7 8. Be2
Re8 9. O-O Qa5 10. a3 e5 11. b4 Qc7 12. Bh2 b6 13. Rc1 Qd8 14. dxe5 dxe5 15.
Nxe5 Bb7 16. Nxd7 Nxd7 17. Qc2 Qe7 18. Rcd1 Ne5 19. Rfe1 Rad8 20. Rxd8 Rxd8 21.
Rd1 Rxd1+ 22. Nxd1 c5 23. Qd2 cxb4 24. axb4 a5 25. bxa5 bxa5 26. f4 Nc6 27. Bf3
Qb4 28. Qxb4 axb4 29. c5 b3 30. Bd5 b2 31. Nxb2 Bxb2 32. g4 Ba3 33. g5 (33. h4
Bxc5 34. Kf2 Kf8 35. f5 Na5 36. Bxb7 Nxb7 37. Bf4 f6 38. Kf3 Nd6 39. e4 Nf7 40.
Bc1 Ne5+ 41. Kg3 Kg7 42. g5 fxg5 43. hxg5 (43. Bxg5 Bb4 44. Be3 Be1+ 45. Kh3
Nf3 46. h5) 43... Bd4) 33... Bxc5 34. Kf2 Kf8 35. Bxc6 (35. h4 Na5 36. Bxb7
Nxb7 37. Kf3 f6 38. f5 Nd6 39. e4) (35. f5 Na5 36. Bxb7 Nxb7 37. fxg6 hxg6 38.
Bf4 f6 39. Kf3 Nd6 40. e4 Nf7 41. Bc1 Ne5+ 42. Kg3 Kg7) 35... Bxc6 36. h4
1/2-1/2

[Event "OPEN INER 2022"]
[Site "salle des fÃªtes de Saint Deni"]
[Date "2022.10.13"]
[Round "2.5"]
[White "Lee Luen Mang, Stefan"]
[Black "Triton, Maxime"]
[Result "0-1"]
[WhiteElo "1557"]
[BlackElo "1888"]
[PlyCount "84"]
[EventDate "2022.??.??"]
[WhiteTeam "b4 Chess Club"]
[BlackTeam "Echiquier de l'Ouest Saint-Paul"]

1. d4 Nf6 2. Nf3 g6 3. Nc3 d5 4. Bf4 Bg7 5. Nb5 Na6 6. e3 O-O 7. Bd3 c6 8. Na3
Qb6 9. O-O Qxb2 10. Bxa6 Qxa3 11. Be2 Ne4 12. Bd3 Bg4 13. c4 c5 14. Qc2 cxd4
15. Nxd4 e5 16. Nb5 Qc5 17. f3 exf4 18. Rae1 fxe3 19. cxd5 e2+ 20. Qxc5 exf1=Q+
21. Bxf1 Nxc5 22. fxg4 a6 23. Nd6 Rad8 24. Nc4 Rxd5 25. g3 Rfd8 26. Kg2 b5 27.
Ne3 Rd2+ 28. Kg1 Rxa2 29. g5 Rdd2 30. Ng4 Bd4+ 31. Kh1 Ne6 32. h4 h5 33. gxh6
Ra1 34. Rxa1 Bxa1 35. Kg1 Bd4+ 36. Kh1 f5 37. Nh2 Rf2 38. Bd3 Nc5 39. Bb1 Ne4
40. Bxe4 Rxh2+ 41. Kxh2 fxe4 42. Kg2 b4 0-1

[Event "OPEN INER 2022"]
[Site "salle des fÃªtes de Saint Deni"]
[Date "2022.10.13"]
[Round "2.6"]
[White "Riviere, Etienne"]
[Black "Folio, Pierre"]
[Result "1-0"]
[WhiteElo "1886"]
[BlackElo "1432"]
[PlyCount "81"]
[EventDate "2022.??.??"]
[WhiteTeam "C.E. de L'Etang Sale"]
[BlackTeam "La Tour Saint Pierroise"]

1. e4 c5 2. Nf3 d6 3. d4 cxd4 4. Nxd4 Nf6 5. Nc3 a6 6. g3 Nc6 7. Bg2 Qc7 8. O-O
e6 9. Re1 Be7 10. Be3 O-O 11. h3 Bd7 12. Qe2 b5 13. a3 Ne5 14. Rad1 Nc4 15. Bc1
Rac8 16. Na2 Rfd8 17. Nb4 a5 18. Na2 e5 19. Nf5 Bxf5 20. exf5 Qc5 21. Bg5 d5
22. c3 h6 23. Bh4 e4 24. Nc1 a4 25. Na2 g5 26. fxg6 fxg6 27. Bxf6 Bxf6 28. Nb4
Nxb2 29. Qxb2 Bxc3 30. Qe2 Bxe1 31. Qxe1 Qc3 32. Qe2 Qxa3 33. Nxd5 Rc1 34. Bxe4
b4 35. Bxg6 Rxd1+ 36. Qxd1 Kg7 37. Qd4+ Kxg6 38. Qf6+ Kh7 39. Qe7+ Kg6 40. Nf4+
Kf5 41. Qe6+ 1-0

[Event "OPEN INER 2022"]
[Site "salle des fÃªtes de Saint Deni"]
[Date "2022.10.13"]
[Round "2.7"]
[White "Folio, Thomas"]
[Black "Lallemand, Philippe"]
[Result "1-0"]
[WhiteElo "1431"]
[BlackElo "1840"]
[PlyCount "59"]
[EventDate "2022.??.??"]
[WhiteTeam "La Tour Saint Pierroise"]
[BlackTeam "Les Roys de l'Est"]

1. e4 c5 2. Nc3 d6 3. g3 b6 4. Bg2 Bb7 5. d3 Nf6 6. f4 e6 7. Nf3 Be7 8. O-O Nc6
9. h3 a6 10. Ne2 Qc7 11. c3 Na5 12. b4 Nc6 13. Be3 O-O 14. Qd2 Rad8 15. g4 e5
16. g5 Nd7 17. f5 cxb4 18. cxb4 f6 19. Rac1 Qb8 20. Nh4 d5 21. Rxc6 Bxc6 22. g6
dxe4 23. gxh7+ Kf7 24. Qe1 Rh8 25. Qg3 Rxh7 26. dxe4 Bxb4 27. Bf2 Bc5 28. Qb3+
Ke8 29. Bxc5 bxc5 30. Qe6+ 1-0

[Event "OPEN INER 2022"]
[Site "salle des fÃªtes de Saint Deni"]
[Date "2022.10.13"]
[Round "2.9"]
[White "Sawmynaden, Righen Peroumal"]
[Black "Rosamel, Manua"]
[Result "1-0"]
[WhiteElo "1743"]
[BlackElo "1319"]
[PlyCount "76"]
[EventDate "2022.??.??"]
[WhiteTeam "b4 Chess Club"]
[BlackTeam "Echiquier du Lagon - EDL"]

1. d4 Nf6 2. Nf3 g6 3. Nc3 Bg7 4. e4 d6 5. Be2 O-O 6. O-O Nc6 7. d5 Ne5 8. Nxe5
dxe5 9. Be3 a6 10. a4 Rb8 11. a5 e6 12. Bc5 Re8 13. d6 c6 14. Bb6 Qd7 15. Bc7
Ra8 16. Na4 c5 17. Nb6 Qc6 18. Nxa8 Nd7 19. Qd3 f5 20. f3 Nf6 21. Rfd1 b5 22.
Nb6 Bd7 23. b3 Rf8 24. c4 b4 25. Na4 fxe4 26. fxe4 Qb7 27. Nxc5 Qc6 28. Qe3 Rf7
29. Bd8 Ne8 30. Bg4 Nxd6 31. Nxe6 Nxe4 32. Nxg7 Bxg4 33. Re1 Nd6 34. Qxe5 Rxg7
35. h3 Bf5 36. Rad1 Ne4 37. g4 Nc3 38. Rd6 Qf3 1-0

[Event "OPEN INER 2022"]
[Site "salle des fÃªtes de Saint Deni"]
[Date "2022.10.13"]
[Round "2.10"]
[White "Lai-Cheung-Kit, Lucie"]
[Black "Fondrat, Johan"]
[Result "0-1"]
[WhiteElo "1009"]
[BlackElo "1742"]
[PlyCount "50"]
[EventDate "2022.??.??"]
[WhiteTeam "Club Echiquier du Nord"]
[BlackTeam "Club d'Echecs Labourdonnais"]

1. e4 e5 2. Nf3 Nc6 3. Bb5 a6 4. Ba4 Bc5 5. O-O Nge7 6. Re1 O-O 7. d3 d6 8. Bg5
Bg4 9. Bxc6 bxc6 10. Nc3 f6 11. Bh4 d5 12. h3 Bh5 13. g4 Bf7 14. g5 f5 15. Rc1
fxe4 16. dxe4 Bh5 17. exd5 Bxf3 18. Qxf3 Rxf3 19. dxc6 Ng6 20. Red1 Qf8 21. Kf1
Rxf2+ 22. Ke1 Rf1+ 23. Kd2 Qf4+ 24. Ke2 Qf3+ 25. Kd2 Qe3# 0-1

[Event "OPEN INER 2022"]
[Site "salle des fÃªtes de Saint Deni"]
[Date "2022.10.13"]
[Round "2.11"]
[White "Desire, Michael"]
[Black "Folio, Raphael"]
[Result "1-0"]
[WhiteElo "1670"]
[BlackElo "1277"]
[PlyCount "65"]
[EventDate "2022.??.??"]
[WhiteTeam "Echiquier de l'Ouest Saint-Paul"]
[BlackTeam "La Tour Saint Pierroise"]

1. d4 d5 2. c4 e6 3. Nc3 Nf6 4. Bf4 a6 5. e3 b6 6. Nf3 Bb7 7. Ne5 Nbd7 8. Qa4
Be7 9. Nc6 Bxc6 10. Qxc6 Ra7 11. cxd5 exd5 12. a3 O-O 13. Nxd5 Nxd5 14. Qxd5 c5
15. dxc5 Nxc5 16. Qc4 b5 17. Qc2 Qb6 18. Be2 f5 19. O-O g5 20. Be5 Bd6 21. Bd4
Rc7 22. b4 Ne4 23. Qb3+ Rff7 24. Bxb6 Rcd7 25. Rfd1 Kf8 26. Rac1 Kg7 27. Bd4+
Kg6 28. Rc6 g4 29. Be5 Kg5 30. Bxd6 Rf6 31. Bf4+ Kg6 32. Rxd7 Rxc6 33. Qg8+ 1-0

[Event "OPEN INER 2022"]
[Site "salle des fÃªtes de Saint Deni"]
[Date "2022.10.13"]
[Round "2.12"]
[White "Cavillot-Delestage, Raphael"]
[Black "Lallemand, Eric"]
[Result "0-1"]
[WhiteElo "1155"]
[BlackElo "1199"]
[PlyCount "80"]
[EventDate "2022.??.??"]
[WhiteTeam "Club Echiquier du Nord"]
[BlackTeam "Les Roys de l'Est"]

1. e4 c5 2. d4 cxd4 3. c3 dxc3 4. Nxc3 a6 5. Bc4 Nc6 6. Nf3 e6 7. e5 d5 8. exd6
Qxd6 9. Qc2 Nf6 10. O-O Be7 11. Be3 Ng4 12. Ne4 Qc7 13. Bg5 O-O 14. Bxe7 Qxe7
15. Neg5 Nf6 16. a3 h6 17. Ne4 Nd5 18. Rfe1 Nf4 19. Rad1 Bd7 20. Ba2 Rfd8 21.
Bb1 Ng6 22. Nd6 Be8 23. Nf5 Qf8 24. N5h4 Nce7 25. Nxg6 Nxg6 26. Rxd8 Rxd8 27.
Ne5 Qd6 28. Nxg6 fxg6 29. h3 Bf7 30. Qb3 Qd2 31. Rf1 e5 32. Qxb7 Bc4 33. Bxg6
Bxf1 34. Qf7+ Kh8 35. g3 Bd3 36. Bh5 Be4 37. Kh2 Qe1 38. g4 Qh1+ 39. Kg3 Qg2+
40. Kh4 g5# 0-1

[Event "OPEN INER 2022"]
[Site "salle des fÃªtes de Saint Deni"]
[Date "2022.10.13"]
[Round "2.13"]
[White "Jotee, Ashvin"]
[Black "Dace, Jean Emeric"]
[Result "1-0"]
[WhiteElo "1815"]
[BlackElo "1649"]
[Annotator "Portable,LRE"]
[PlyCount "44"]
[EventDate "2022.??.??"]
[WhiteTeam "b4 Chess Club"]
[BlackTeam "Echiquier du Lagon - EDL"]

1. c4 e6 2. g3 d5 3. Bg2 Nf6 4. Nf3 c5 5. O-O Nc6 6. cxd5 exd5 7. d4 c4 8. Nc3
Be7 9. b3 cxb3 10. Qxb3 O-O 11. Rd1 Na5 12. Qc2 Bg4 13. Ne5 Bh5 14. Qd3 Re8 (
14... Rc8 15. Bg5 Nc4 16. Rab1 Nxe5 17. dxe5 Bg6 18. e4 Nxe4 19. Nxe4 Bxg5 20.
Qxd5 Qxd5 21. Rxd5 Rc1+ 22. Rxc1 Bxc1 23. Rd7 Rb8 24. Nd6 Bb2 25. f4 Bd4+ 26.
Kf1 Bd3+ 27. Ke1 Bg1 28. Bd5 h6 29. Bxf7+ Kh7 30. e6 Bxh2 31. Kf2 Bb5 32. Nxb5
Rc8 33. Nc7) 15. Bg5 Nc4 16. Rab1 Nxe5 17. dxe5 Bg6 18. e4 Nxe4 19. Nxe4 Bxg5
20. Qxd5 Qxd5 21. Rxd5 Rad8 (21... Red8 22. Rxd8+ Bxd8) 22. Rxd8 Bxd8 1-0

[Event "OPEN INER 2022"]
[Site "salle des fÃªtes de Saint Deni"]
[Date "2022.10.13"]
[Round "2.14"]
[White "Khantalina, Ilariya"]
[Black "Epinoux, Jean-Marc"]
[Result "0-1"]
[WhiteElo "1099"]
[BlackElo "1640"]
[PlyCount "92"]
[EventDate "2022.??.??"]
[WhiteTeam "Club Echiquier du Nord"]
[BlackTeam "Echiquier du Lagon - EDL"]

1. e4 c5 2. Nf3 e6 3. Bc4 a6 4. a4 Nc6 5. d4 d6 6. Nc3 cxd4 7. Nxd4 e5 8. Nxc6
bxc6 9. Qf3 Nf6 10. O-O Be7 11. Bg5 O-O 12. Bxf6 Bxf6 13. Rfd1 Be6 14. Bxe6
fxe6 15. Qg4 Qe7 16. Rd3 Rab8 17. b3 d5 18. exd5 exd5 19. Rdd1 e4 20. Qh3 Qc5
21. Qe6+ Kh8 22. Nxe4 dxe4 23. Rac1 Bg5 24. Rb1 Qxf2+ 25. Kh1 Qxc2 26. Kg1 Rbd8
27. Re1 Rf2 28. Qg4 h6 29. Qxe4 Qxe4 30. Rxe4 Rdd2 31. Rc1 Rxg2+ 32. Kf1 Rdf2+
33. Ke1 Bxc1 34. Kd1 Bg5 35. h4 Rf1+ 36. Re1 Rxe1+ 37. Kxe1 Bxh4+ 38. Kf1 Rb2
39. b4 g5 40. b5 axb5 41. axb5 cxb5 42. Kg1 b4 43. Kf1 b3 44. Kg1 Rc2 45. Kh1
b2 46. Kg1 b1=Q# 0-1

[Event "OPEN INER 2022"]
[Site "salle des fÃªtes de Saint Deni"]
[Date "2022.10.13"]
[Round "2.15"]
[White "Hoarau, Antoine"]
[Black "Boyer, Mathis"]
[Result "0-1"]
[WhiteElo "1246"]
[BlackElo "1190"]
[PlyCount "78"]
[EventDate "2022.??.??"]
[WhiteTeam "Club Echiquier du Nord"]
[BlackTeam "C.E. de L'Etang Sale"]

1. d4 Nf6 2. Bf4 e6 3. e3 d5 4. Nf3 c5 5. c3 c4 6. Nbd2 Nc6 7. Be2 Bd6 8. Bxd6
Qxd6 9. O-O O-O 10. Re1 Bd7 11. e4 Nxe4 12. Nxe4 dxe4 13. Nd2 b5 14. Nxe4 Qc7
15. Qc2 e5 16. d5 Na5 17. Rad1 Bf5 18. Nf6+ gxf6 19. Qxf5 Qd6 20. Bd3 cxd3 21.
Re4 Rfd8 22. Rg4+ Kf8 23. Qxh7 Qxd5 24. Qg7+ Ke7 25. Rg6 Qd6 26. f4 Rg8 27.
Qxg8 Rxg8 28. Rxg8 Qc5+ 29. Kf1 e4 30. b4 Qe3 31. Re1 Qxf4+ 32. Kg1 d2 33. Rf1
Qe3+ 34. Kh1 Qe1 35. Kg1 Qxf1+ 36. Kxf1 d1=Q+ 37. Kf2 Qd2+ 38. Kf1 e3 39. g3
Qf2# 0-1

[Event "OPEN INER 2022"]
[Site "salle des fÃªtes de Saint Deni"]
[Date "2022.10.13"]
[Round "2.16"]
[White "Giraud, Marius"]
[Black "Sandjivy, Jean Marc"]
[Result "1-0"]
[WhiteElo "1063"]
[BlackElo "1222"]
[Annotator "Portable,LRE"]
[PlyCount "66"]
[EventDate "2022.??.??"]
[WhiteTeam "Club Echiquier du Nord"]
[BlackTeam "Club d'Echecs Labourdonnais"]

1. e4 c5 2. Bc4 Nc6 3. Nf3 d6 4. Nc3 Bg4 5. d3 Nd4 6. Be3 Bxf3 7. gxf3 e6 8.
Bxd4 cxd4 9. Ne2 e5 10. Qd2 Be7 11. f4 Nf6 12. f5 Qb6 13. b3 a6 14. Rg1 Nh5 15.
O-O-O h6 16. Rg2 Bg5 17. f4 Nxf4 18. Rxg5 hxg5 19. Rh1 Nxe2+ 20. Qxe2 Qb4 21.
Qg4 f6 22. h4 Qc3 23. Kb1 Ke7 24. Qg3 a5 25. a4 Rac8 26. Qg2 Rb8 27. hxg5 Rxh1+
28. Qxh1 Rf8 29. gxf6+ Rxf6 30. Qh2 (30. Qh7 Qe1+ 31. Ka2 Qg1 32. Bb5 Qg4 33.
Qg8 Rf8 34. Qe6+ Kd8 35. Qd7#) 30... Qe1+ 31. Ka2 Qc1 32. Bb5 Qg5 33. Qh8 Rf8
1-0

[Event "OPEN INER 2022"]
[Site "salle des fÃªtes de Saint Deni"]
[Date "2022.10.13"]
[Round "2.17"]
[White "Fondrat, Thierry"]
[Black "Gauthier, Keanu"]
[Result "1-0"]
[WhiteElo "1217"]
[BlackElo "1099"]
[Annotator "Portable,LRE"]
[PlyCount "78"]
[EventDate "2022.??.??"]
[WhiteTeam "Club d'Echecs Labourdonnais"]
[BlackTeam "Echiquier de l'Ouest Saint-Paul"]

1. e4 e5 2. Bc4 Nf6 3. d3 Be7 4. Nf3 Nc6 5. O-O h6 6. c3 O-O 7. Re1 Re8 8. d4
Bf8 9. d5 Na5 10. Bd3 c6 11. b4 cxd5 12. bxa5 dxe4 13. Bxe4 Nxe4 14. Rxe4 d6
15. Qa4 Bd7 16. Qb3 Bc6 17. Re3 e4 18. Nd4 Qxa5 19. Nxc6 bxc6 20. Nd2 d5 21.
Qc2 Bc5 22. Nb3 Qb6 23. Nxc5 Qxc5 24. Qd2 Re6 25. Qd4 Qxd4 26. cxd4 Rb8 27. Rb3
Rxb3 28. axb3 Re7 29. b4 Rb7 30. Bd2 Kh7 31. Ra6 Rc7 32. Kf1 g5 33. g3 Kg6 34.
Kg2 Kf5 35. h3 h5 36. f4 f6 37. fxg5 fxg5 38. Ra1 Rh7 (38... Rf7 39. Rf1+ Ke6
40. Rxf7 Kxf7 41. Bxg5 Kg6 42. Bf4 Kf5 43. Kf2 Kf6 44. Ke3 Ke6 45. g4 hxg4 46.
hxg4 Kf6 47. Bb8 a6 48. Kf4 Ke6 49. Bc7 Kf6 50. Bd8+ Kg6 51. Bh4 Kh6 52. Kf5
Kg7 53. Bg5 Kf7 54. Bf4 Ke7 55. Ke5 Kd7 56. Kf6 Ke8 57. g5 Kf8 58. Ke6 Ke8 59.
Kd6 e3 60. Bxe3 a5 61. bxa5 Kd8 62. a6 Kc8 63. g6 Kb8 64. Kxc6 Ka7 65. g7 Kxa6
66. g8=Q Ka5 67. Qb8 Ka4 68. Bc1 Ka5 69. Qb5#) 39. Rf1+ Ke6 1-0

[Event "OPEN INER 2022"]
[Site "salle des fÃªtes de Saint Deni"]
[Date "2022.10.13"]
[Round "2.18"]
[White "Molines, Martin"]
[Black "Bonin, Malo"]
[Result "1-0"]
[WhiteElo "1037"]
[BlackElo "1199"]
[Annotator "Portable,LRE"]
[PlyCount "51"]
[EventDate "2022.??.??"]
[WhiteTeam "Club Echiquier du Nord"]
[BlackTeam "Club Echiquier du Nord"]

1. e4 e5 2. Nf3 Nc6 3. Bc4 Nf6 4. d3 d6 5. Nc3 Be7 6. h3 Bd7 7. Be3 O-O 8. O-O
Na5 9. Bb3 Nxb3 10. axb3 Be6 11. Ne2 d5 12. Ng3 Qd6 13. Ng5 Nd7 14. Nxe6 Qxe6
15. Qf3 d4 16. Bd2 Qf6 17. Qg4 Qh4 18. Qxd7 Bd6 19. Nf5 Qf6 20. Nxd6 Qxd6 21.
Qxd6 cxd6 22. Bb4 Rac8 (22... Rfc8 23. c4 Rc6 24. Rfc1 b6 25. Bd2 a6 26. b4 Rc7
27. b5 g6 28. Rxa6 Rf8 29. Rxb6 f5 30. Re1 Ra7 31. Ra6 Raf7 32. f3 Rf6 33. Bb4
Rd8 34. Rea1 fxe4 35. fxe4 Kg7 36. Ra7+ Kh6 37. Bd2+ g5 38. Rf1 Rg6 39. Rf5
Rdg8 40. h4 Rh8 41. Rxg5 Rxg5 42. Bxg5+ Kh5 43. b6 h6 44. Bf6 Rb8 45. b7) 23.
c4 Rc6 24. Rfc1 b6 25. Bd2 a6 26. b4 1-0

[Event "OPEN INER 2022"]
[Site "salle des fÃªtes de Saint Deni"]
[Date "2022.10.13"]
[Round "2.19"]
[White "Cheung, Gerard"]
[Black "Naquin, Miguel"]
[Result "0-1"]
[WhiteElo "1199"]
[BlackElo "1099"]
[Annotator "Portable,LRE"]
[PlyCount "16"]
[EventDate "2022.??.??"]
[WhiteTeam "Club Echiquier du Nord"]
[BlackTeam "Club Echiquier du Nord"]

1. Nf3 d5 2. b3 Nf6 3. Bb2 e6 4. d4 Bb4+ 5. Nbd2 Ne4 6. a3 Bxd2+ 7. Nxd2 Nf6 8.
e4 (8. c4 c5 9. cxd5 Qxd5 10. e3 O-O 11. Rc1 cxd4 12. Bxd4 e5 13. Bc4 Qxg2 14.
Bxf7+ Kxf7 15. Bxe5 Qxh1+ 16. Nf1 Bh3 17. Kd2 Rd8+ 18. Bd4 Ne4+ 19. Kc2 Rc8+
20. Kb2 Rxc1 21. Qh5+ g6 22. Qxh7+ Ke6 23. Qxg6+ Kd5 24. Qf7+ Kc6 25. Qe8+ Bd7
26. Qg6+ Nd6 27. Be5 Rd1 28. Qc2+ Kd5 29. Qxd1+ Kxe5 30. Qd4+ Ke6 31. Qg4+ Ke7
32. Qg5+ Ke8 33. Qg3 Ke7 34. Qg5+ Ke6 35. Qg4+ Kd5 36. Qc4+ Nxc4+) 8... c5 0-1

[Event "OPEN INER 2022"]
[Site "salle des fÃªtes de Saint Deni"]
[Date "2022.10.13"]
[Round "2.20"]
[White "Cavillot-Delestage, Honore"]
[Black "Daoudjee, Hishame"]
[Result "0-1"]
[WhiteElo "1009"]
[BlackElo "1199"]
[Annotator "Portable,LRE"]
[PlyCount "41"]
[EventDate "2022.??.??"]
[WhiteTeam "Club Echiquier du Nord"]
[BlackTeam "Maison des Jeunes et de la Culture de St Beno"]

1. e4 d6 2. f4 Nf6 3. d3 g6 4. Nf3 Bg7 5. Be2 O-O 6. O-O Nc6 7. Be3 e5 8. fxe5
dxe5 9. Qd2 Re8 10. Nc3 b6 11. Rae1 Ba6 12. a3 b5 13. b4 Rb8 14. Bg5 Bb7 15.
Nxb5 Qd7 16. d4 a6 (16... Ba6 17. a4 Nxe4 18. Qe3 Nxd4 (18... exd4 19. Nfxd4
Nxg5 20. Qxg5 Bxd4+ 21. Nxd4 Nxd4 22. Bxa6 Qxa4 23. Be2 Rxe2 24. Rxe2 Nxe2+ 25.
Kh1 Qxc2 26. Qh4 Qd3 27. Qe1 Re8 28. h3 Ng3+ 29. Kg1 Rxe1 30. Rxe1 Qd4+ 31. Kh2
Qxb4 32. Kxg3 Qxe1+ 33. Kh2 a5 34. g4 a4 35. Kg2 a3 36. Kf3 Kg7 37. g5 Qh1+ 38.
Kg4 h5+ 39. Kf4 Qxh3 40. Ke5 Qf5+ 41. Kd4 Qxg5 42. Kc3 Qg3+ 43. Kc2 h4 44. Kd2
h3 45. Ke2 h2 46. Kd2 a2 47. Ke2 Qg2+ 48. Ke1 a1=R#) 19. Nfxd4 (19. Nbxd4 Nxg5
20. Qxg5) 19... Nxg5 20. Qxg5 exd4) 17. a4 Nxe4 18. Qe3 exd4 19. Nbxd4 Nxg5 20.
Qxg5 Nxd4 21. Nxd4 0-1

[Event "OPEN INER 2022"]
[Site "salle des fÃªtes de Saint Deni"]
[Date "2022.10.13"]
[Round "2.21"]
[White "Hichari, Lotfi"]
[Black "Giraud, Dimitri"]
[Result "0-1"]
[WhiteElo "1199"]
[BlackElo "1054"]
[Annotator "Portable,LRE"]
[PlyCount "51"]
[EventDate "2022.??.??"]
[WhiteTeam "Echiquier de l'Ouest Saint-Paul"]
[BlackTeam "Club Echiquier du Nord"]

1. d4 d5 2. c4 c6 3. Nf3 Bf5 4. Nc3 Nf6 5. Bf4 Nbd7 6. g3 Ne4 7. Rc1 Qb6 8. b3
Qa5 9. Bd2 Qb6 10. cxd5 Nxc3 11. Rxc3 cxd5 12. Qc1 Nf6 13. h4 Ne4 14. Re3 Nxd2
15. Qxd2 e6 16. Bh3 Bxh3 17. Rxh3 Bb4 18. Rc3 Bxc3 19. Qxc3 O-O 20. Kf1 Rac8
21. Qd3 Qa5 22. Ng5 g6 23. Kg2 Qxa2 24. h5 Qc2 25. Qf3 (25. Qe3 Qf5 26. g4
Qxg4+ 27. Qg3 Qxg3+ 28. Kxg3 Rc3+ 29. e3 Rxb3 30. hxg6 hxg6 31. Nh7 Rc8 32.
Nf6+ Kg7 33. Nd7 Rh8 34. Rxh8 Kxh8 35. Kf4 Kg7 36. Ke5 a5 37. Nc5 Rb5 38. Na4
Rb4 39. Nc5 a4 40. Nd3 Rb5 41. Nc1 a3 42. f4 Rb6 43. e4 f6#) 25... Qf5 26. g4
0-1

[Event "OPEN INER 2022"]
[Site "salle des fÃªtes de Saint Deni"]
[Date "2022.10.13"]
[Round "2.22"]
[White "Lam Kin Cheung, Stephane"]
[Black "Lai-Cheung-Kit, Guillaume"]
[Result "1-0"]
[WhiteElo "1199"]
[BlackElo "1011"]
[Annotator "Portable,LRE"]
[PlyCount "87"]
[EventDate "2022.??.??"]
[BlackTeam "Club Echiquier du Nord"]

1. e4 d5 2. exd5 Nf6 3. d4 Nxd5 4. c4 Nb6 5. Nf3 Bg4 6. Be3 e6 7. Be2 Bb4+ 8.
Nc3 O-O 9. O-O Be7 10. h3 Bh5 11. b3 Bb4 12. Rc1 Ba3 13. Rc2 Bg6 14. Bd3 Nc6
15. Bxg6 fxg6 16. Bg5 Qe8 17. Nb5 Qd7 18. Nxa3 Nb4 19. Rd2 a5 20. Ne5 Qd6 21.
c5 Qd5 22. cxb6 cxb6 23. Be7 Rfe8 24. Bxb4 axb4 25. Nac4 Ra6 26. Qf3 Qxf3 27.
Nxf3 b5 28. Nce5 Rea8 29. Rc1 h6 30. Rcc2 Kh7 31. Nd3 g5 32. Nxb4 Ra3 33. Ne5
h5 34. Nbd3 Rf8 35. Nc5 Rf7 36. Nxf7 Ra8 37. Nxg5+ Kg6 38. Ngxe6 (38. Ncxe6 Rb8
39. d5) 38... Rb8 39. d5 Kf7 40. d6 Ke8 41. d7+ Ke7 42. d8=Q+ Rxd8 43. Nxd8 b6
44. Nce6 (44. Nde6 Kf6 45. Nd7+ Kxe6 46. Nxb6 Ke5 47. Rd5+ Ke6 48. Rc6+ Kf7 49.
Rd7+ Kg8 50. Rcc7 Kh7 51. Rxg7+ Kh6 52. Rgd7 Kg5 53. g3 Kf6 54. Rd5 Kg6 55.
Rc6+ Kf7 56. Rd7+ Ke8 57. Rc8#) 1-0

[Event "OPEN INER 2022"]
[Site "salle des fÃªtes de Saint Deni"]
[Date "2022.10.13"]
[Round "2.23"]
[White "Khantalin, Serafim"]
[Black "Lam Kin Cheung, Youn Ha"]
[Result "1-0"]
[WhiteElo "1009"]
[BlackElo "1199"]
[Annotator "Portable,LRE"]
[PlyCount "33"]
[EventDate "2022.??.??"]
[WhiteTeam "Club Echiquier du Nord"]

1. e4 e6 2. Nf3 d5 3. d3 dxe4 4. dxe4 Nc6 5. Bg5 Nge7 6. Bb5 Bd7 7. Bxe7 Nxe7
8. Be2 g6 9. Ne5 Bg7 10. Bh5 (10. Bb5 O-O) 10... O-O 11. Nxd7 Qxd7 12. Qxd7
gxh5 13. Qxe7 Rab8 (13... Rfb8 14. O-O e5 15. Nc3 c5 16. Nd5 a5 17. Nb6 Ra7 18.
Qc7 Re8 19. Rad1 Ra6 20. Qxb7 Rf8 21. Qxa6 h6 22. Qe2 f6 23. Qxh5 Rb8 24. Rfe1
Bf8 25. Qg6+ Kh8 26. Re3 Be7 27. Rg3 Rg8 28. Qxg8#) 14. O-O e5 15. Nc3 c5 16.
Nd5 a5 17. Nb6 1-0

[Event "OPEN INER 2022"]
[Site "salle des fÃªtes de Saint Deni"]
[Date "2022.10.13"]
[Round "2.24"]
[White "Lebihan, Mahe"]
[Black "Khantalin, Irakliy"]
[Result "1-0"]
[WhiteElo "1199"]
[BlackElo "1009"]
[Annotator "Portable,LRE"]
[PlyCount "12"]
[EventDate "2022.??.??"]
[WhiteTeam "Maison des Jeunes et de la Culture de St Beno"]
[BlackTeam "Club Echiquier du Nord"]

1. e4 e5 2. Nf3 Nc6 3. Bc4 Bc5 4. d3 Nf6 5. O-O O-O 6. Re1 (6. h3 d6 7. Re1 Be6
8. Nbd2 Bxc4 9. Nxc4 Nd4 10. c3 Nxf3+ 11. Qxf3 h6 12. a4 a5 13. Be3 Bxe3 14.
fxe3 d5 15. exd5 Qxd5 16. Qxd5 Nxd5 17. Nxe5 f6 18. Nc4 c6 19. e4 Nc7 20. d4 b5
21. axb5 cxb5 22. Nxa5 Rfe8 23. Nb3 Rab8 24. Nc5 b4 25. c4 Ra8 26. d5 (26. b3
f5 27. e5 Rad8 28. d5 Nxd5 29. cxd5 Rxd5 30. Rac1 Rdxe5 31. Rxe5 Rxe5 32. Nd7)
26... Nxd5 27. cxd5) 6... Bd6 1-0

[Event "OPEN INER 2022"]
[Site "salle des fêtes de Saint Denis"]
[Date "2022.10.13"]
[Round "3.1"]
[White "Lutard, Florian"]
[Black "Sawmynaden, Righen Peroumal"]
[Result "1-0"]
[WhiteElo "2045"]
[BlackElo "1743"]
[PlyCount "29"]
[EventDate "2022.??.??"]

1. d4 Nf6 2. c4 e6 3. Nc3 Bb4 4. Nf3 h6 5. e3 O-O 6. Bd3 d5 7. O-O dxc4 8. Bxc4
c5 9. Qe2 cxd4 10. Rd1 Qa5 11. exd4 Nc6 12. Ne5 Ne7 13. Rd3 Kh7 14. Rh3 Bxc3
15. bxc3 1-0